000 00438nam a22001577a 4500
008 160709b xxu||||| |||| 00| 0 eng d
020 _a9715504620
082 _22003
_aDFil 899.2113
_bG44
245 _aSa gitna ng lusak/
260 _aQuezon City:
_bADMU Press,
_cc2003.
300 _avii, 260 pages:
_c18 cm.
650 0 _911099
_aFilipino poetry
700 _911100
_aAƱonuevo, Roberto T.
365 _b300.00
_cPhp.
942 _2ddc
_cDFIL
999 _c3331
_d3331